Widok standardowy
Widok MARC
Pozycja Personal Name
Liczba rekordów, w których użyto hasła: 1
001 - Numer kontrolny
- control field: 40789
003 - Identyfikator numeru kontrolnego
- control field: NUKAT
005 - Data i czas ostatniej modyfikacji
- control field: 20260428123224.0
008 - Dane kontrolne kodowane (40 znaków)
- fixed length control field: 110113n||a|znnaabn |a aaa |c
010 ## - Numer kontrolny Biblioteki Kongresu
- numer kontrolny LC: n 2011100169
024 7# - OTHER STANDARD IDENTIFIER
- Standard number or code: 250376800
- Source of number or code: viaf
024 7# - OTHER STANDARD IDENTIFIER
- Standard number or code: 0000000370952288
- Source of number or code: isni
040 ## - Instytucja sporządzająca rekord
- inst. przygot. dane do rek. khw: Ł M/ROK
- język haseł przedmiotowych/tezaurus: kaba
- inst. wprow. rek. khw: Ł M/ROK
- inst. modyf. rek. khw: KR 253/JK
046 ## - Special dates
- Birth date: 1973
100 1# - Hasło - nazwa osobowa
- nazwa osobowa w formie ujednoliconej: Kolasa, Krzysztof
- daty biograficzne: (1973- ).
670 ## - Źródło informacji
- źródło informacji: Kp. Salezjańska Szkoła Mechaniczna w Łodzi (1922-1962) / wstęp, wybór i oprac. Krzysztof Kolasa, Jarosław Wąsowicz. - Łódź, 2010.
670 ## - Źródło informacji
- źródło informacji: BNPol online